000 00488cam a2200193ua 4500
001 8965
008 150219n ii |||gr||||Z||||||asm
040 _cMAIN
041 _aasm
082 _a891.4513
100 _aBhattacharya, B.,
_eAuthor.
245 1 _aNarakkundat kaijanman atithi
_cBy B. Bhattacharya
250 _a1st.
260 _aGuwahati:
_bSahitya,
_c1993.
300 _a178p.
653 _aEast Indo-European & Celtic literatures
653 _aAssamese novels
942 _cBK
999 _c8059
_d8059